Bolemvn - Boosk'anarchiste - Statistiques

Statistiques générales
  • Ce quiz a été pris 5 fois
  • Le résultat moyen est 36 sur 76
Statistiques - réponses
Réponse Réponse % Correct
Allah
80%
année
80%
au
80%
c' mais
80%
cette
80%
d'
80%
de
80%
des
80%
dessus
80%
est celui
80%
étoile L.Zé
80%
Insh'
80%
j'
80%
j'
80%
J'
80%
je parle
80%
je
80%
juré d'
80%
la
80%
la
80%
m'
80%
ma
80%
maman te
80%
mort
80%
papa j'
80%
pas
80%
rêves Montana
80%
sa
80%
tête
80%
Une la
80%
vos de
80%
coté
60%
échouer
60%
ils
60%
KB
60%
KB
60%
mais
60%
mère
60%
nique
60%
ont
60%
réaliserais pas
60%
Sous
60%
verrais
60%
Nueve
40%
pour
40%
puissant
40%
puissant
40%
voir
40%
comme
20%
comme
20%
comme
20%
dans
20%
le
20%
priés
20%
S.A.N.K.H
20%
Sankhara
20%
Tony
20%
ai
0%
Aujourd'
0%
bébés
0%
dire
0%
El
0%
El
0%
faire
0%
Fan
0%
Fan
0%
game
0%
hui
0%
mélo'
0%
nuebe
0%
ou
0%
peux
0%
peux
0%
que
0%
rapper
0%
Sankahra
0%
Aucun quiz correspondant
Distribution des résultats
% des personnes avec chaque résultat
Percentile par nombre de réponses
Votre historique - résultats
Vous n’avez pas pris ce quiz